Jak dobra jest twoja pamięć werbalna? - Statystyki

Ogólne statystyki
  • Ten quiz został rozwiązany 12 557 razy
  • Średni wynik to 79 z 100
Statystyki odpowiedzi
Hint Odpowiedź % Poprawnych
Bateria NOWE
94%
Ubezpieczenie NOWE
94%
Przedsięwzięcie NOWE
93%
Autokracja NOWE
93%
Mikroskop NOWE
92%
Kaloryfer NOWE
90%
Rzemieślnik NOWE
90%
Konkordat NOWE
89%
Mydło NOWE
89%
Kapelusz NOWE
88%
Horner NOWE
88%
Szczoteczka NOWE
87%
Prekambr NOWE
87%
Czasomierz NOWE
87%
Farba NOWE
87%
Płomykówka NOWE
87%
Wieczność NOWE
86%
Zniekształcenie NOWE
85%
Ewenement NOWE
85%
Szerszeń NOWE
85%
Mordoklejka NOWE
85%
Kwas NOWE
85%
Zwierciadło NOWE
84%
Gorset NOWE
84%
Huta NOWE
84%
Mydło BYŁO
83%
Numizmatyka NOWE
83%
Wykładzina NOWE
83%
Impresjonizm NOWE
83%
Prokuratura NOWE
82%
Skansen NOWE
82%
Bateria BYŁO
81%
Szczoteczka BYŁO
81%
Kołodziej NOWE
81%
Szyszka NOWE
81%
Koziorożec NOWE
81%
Przycisk NOWE
81%
Homeostaza NOWE
81%
Przypowieść NOWE
81%
Komik NOWE
81%
Szerszeń BYŁO
80%
Aukcja NOWE
80%
Kukułka NOWE
80%
Gołoledź NOWE
80%
Weksel NOWE
80%
Autokracja BYŁO
79%
Rzemieślnik BYŁO
79%
Kaloryfer BYŁO
79%
Zniekształcenie BYŁO
79%
Zniekształcenie BYŁO
79%
Szerszeń BYŁO
79%
Kukułka BYŁO
79%
Ewangelia NOWE
79%
Kowadełko NOWE
79%
Równoleżnik NOWE
79%
Skrzypce NOWE
79%
Ubezpieczenie BYŁO
78%
Zwierciadło BYŁO
78%
Szerszeń BYŁO
78%
Autokracja BYŁO
78%
Chloroplast NOWE
78%
Równoległobok NOWE
78%
Piaskowiec NOWE
78%
Przebarwienie NOWE
78%
Antropomorfizacja NOWE
78%
Moneta NOWE
78%
Przedsięwzięcie BYŁO
77%
Mydło BYŁO
77%
Autokracja BYŁO
77%
Kaloryfer BYŁO
77%
Pocztówka NOWE
77%
Ewenement BYŁO
76%
Ewangelia BYŁO
76%
Szczawiówka NOWE
76%
Akwarium NOWE
76%
Zwierciadło BYŁO
75%
Kołodziej BYŁO
75%
Nieskończoność NOWE
75%
Bateria BYŁO
74%
Kowadełko BYŁO
74%
Przedsięwzięcie BYŁO
74%
Czasomierz BYŁO
72%
Prekambr BYŁO
71%
Ubezpieczenie BYŁO
71%
Ewangelia BYŁO
71%
Horner BYŁO
71%
Wykładzina BYŁO
71%
Kukułka BYŁO
69%
Szczoteczka BYŁO
68%
Szerszeń BYŁO
68%
Wykładzina BYŁO
68%
Akwarium BYŁO
68%
Homeostaza BYŁO
68%
Świadomość NOWE
68%
Aukcja BYŁO
67%
Gołoledź BYŁO
67%
Impresjonizm BYŁO
63%
Pamięć NOWE
62%
Kaznodzieja NOWE
61%
Wieczność BYŁO
49%
Nie znaleziono quizów pasujących do podanych kryteriów
Rozkład punktacji
Procent ludzi z każdym wynikiem
Percentyl według liczby udzielonych odpowiedzi
Twoja historia wyników
Nie rozwiązałeś tego quizu